|
|
|
|
| LEADER |
00000nam0a2200000 4500 |
| 001 |
261806 |
| 005 |
20231031221803.0 |
| 010 |
|
|
|b 50000 экз.
|
| 035 |
|
|
|a (RuTPU)RU\TPU\book\284787
|
| 090 |
|
|
|a 261806
|
| 100 |
|
|
|a 20140527d1940 m y0rusy50 ca
|
| 101 |
0 |
|
|a rus
|
| 102 |
|
|
|a RU
|
| 105 |
|
|
|a y z 001zy
|
| 200 |
1 |
|
|a Русско-финский словарь
|e Около 25000 слов
|f под ред. Э. Милановой
|
| 210 |
|
|
|a Москва
|c Государственное издательство иностранных и национальных словарей
|d 1940
|
| 215 |
|
|
|a 544 с.
|d 8,5x13,5 см.
|
| 320 |
|
|
|a Географические названия: с. 500-504
|
| 320 |
|
|
|a Краткие сведения из грамматики финского языка: с. 504-533
|
| 320 |
|
|
|a Таблицы 1-3: с. 534-538
|
| 320 |
|
|
|a Краткий разговорник: с. 539-544.
|
| 610 |
1 |
|
|a финский язык
|
| 610 |
1 |
|
|a лексика
|
| 610 |
1 |
|
|a фразеология
|
| 610 |
1 |
|
|a словосочетания
|
| 610 |
1 |
|
|a словари
|
| 686 |
|
|
|a Ш166.11
|v LBC/SL-A
|2 rubbk
|
| 702 |
|
1 |
|a Миланова
|b Э.
|4 340
|
| 801 |
|
1 |
|a RU
|b 63413507
|c 20140527
|
| 801 |
|
2 |
|a RU
|b 63413507
|c 20140527
|g RCR
|
| 942 |
|
|
|c BK
|